000
00334nam a2200133Ia 4500
008
240624s9999 xx 000 0 und d
041
_a
eng
082
_a
658 PRE
100
_a
PREIS MICHAEL
245
_a
101 THINGS I LEARNED IN BUSINESS SCHOOL
260
_c
2010
_a
New Delhi
_b
Hachette India
300
_a
102 : p.
365
_c
RS
_b
25
999
_c
17330
_d
17330